| 000 | 00365 a2200133 4500 | ||
|---|---|---|---|
| 001 | 33919 | ||
| 082 | _a629.13432ABB | ||
| 090 |
_c22512 _d22512 |
||
| 100 | _aAbbot, Irs H. | ||
| 245 | _aTheory of wing sections including a summery of airfoil data | ||
| 260 |
_aNY _bDover Pub, NY _c1999 |
||
| 500 | _aMS textbook Aerospace | ||
| 600 | _aDoenhoff, Albert E. Von | ||
| 942 |
_aNUST-CAE _k629.13432ABB |
||
| 999 |
_c268992 _d268992 |
||